000 00866nam a2200253 a 4500
008 951213s1979||||[C 0 slo c
020 _c12 Kčs.
_q(4000 výtl.)
040 _aSNK
_bslo
_cSNK
_eAACR2
041 1 _aslo
_hrus
044 _axo
_cSK
080 _a1 100:92(035.3)
080 _a92(035.3)
080 _a92 Marx, Karl
100 1 _aLapin, N. I.
_4aut
245 1 0 _aMladý Marx
_cN. I. Lapin ; Mária Molnárová, Otakar Rosa, Karl - o ňom Marx
250 _a1., vyd.
260 _aBratislava
_bPravda
_c1979
_eBratislava
_fPravda
300 _a384 s., 19,71 AH
_bFot.
_c21 cm
500 _aLit. 143. Fot. na predsádkach. Pozn. Faksim. rkp. 143 zázn. lit. o knihách v jaz. slov., čes., rus., nem., angl., franc. a poľ.
700 1 _aMolnárová, Mária
_4trl
700 1 _aRosa, Otakar
_4bkd
700 1 _aMarx, Karl - o ňom
_4oth
958 _aA
999 _c15521
_d15521